Score 0/15 Timer 06:00
0 Plays Today
Jumble Answer % Correct
CMMONUTIYCommunity
93.7%
DSYTNAYDynasty
79.9%
YSADPPYAHHappy Days
79%
SMIPSNOSTEHThe Simpsons
70.5%
OBMLUOCColumbo
60%
GVYERCMAMacGyver
56.2%
MGAPIMUNMagnum P.I.
50.9%
EETHRIWThe Wire
46.3%
Jumble Answer % Correct
NBELDYPUNYPD Blue
34%
ANYPMOCSTHEREThree's Company
33.3%
MLESEROECPLAMelrose Place
28.9%
RAHNEWTNewhart
24.2%
DODAOEDWDeadwood
23.3%
GEDLNORLSGITEHThe Golden Girls
22.9%
LWADNADERROLaw and Order
19.2%
Remove Ads.
Support Sporcle.
Get the best of Sporcle when you Go Orange. This ad-free experience offers more features, more stats, and more fun while also helping to support Sporcle. Thank you for becoming a member.

You're not logged in!

Compare scores with friends on all Sporcle quizzes.
OR
Log In

Show Comments

Extras

Top Quizzes Today


Score Distribution

Your Account Isn't Verified!

In order to create a playlist on Sporcle, you need to verify the email address you used during registration. Go to your Sporcle Settings to finish the process.

Report this User

Report this user for behavior that violates our Community Guidelines.

Details: